• 首页
  • 本馆介绍
  • 公告通知
  • 最新文献
  • 馆藏检索
  • 电子资源
  • 读者导购
  • 参考咨询
  • 我的图书馆
  • 登录
  • 详细信息显示
  • 放入我的书架
  • 预约/预借图书
  • 作者相关作品
  • 分类相关作品
  • 丛书相关作品
  • 出版社相关作品

书目信息

  • 表格格式
  • 工作单格式
  • 卡片格式
题名:
石油化工产业链实训教程
    
 
作者: 孙文志 , 李会鹏 主编
分册:  
出版信息: 北京   化学工业出版社  2021
页数: 241页
开本: 26cm
丛书名:
单 册:
中图分类: F407.72 , F407
科图分类:
主题词: 石油化工行业--产业链--高等学校--教材
电子资源:
ISBN: 978-7-122-39647-1
000 01019nam0 2200253 450
001 2271554787
005 20220930195257.24
010    @a978-7-122-39647-1@dCNY49.00
100    @a20210924d2021 em y0chiy50 ea
101 0  @achi
102    @aCN@b110000
105    @aa z 000yy
200 1  @a石油化工产业链实训教程@9shi you hua gong chan ye lian shi xun jiao cheng@f孙文志, 李会鹏主编
210    @a北京@c化学工业出版社@d2021
215    @a241页@c图,照片@d26cm
300    @a高等学校“十三五”规划教材
330    @a本书详细介绍了石油化工产业链中主要装置的生产过程,即涵盖了油气钻采、油气集输、石油加工、石油化工、精细化工5个实训平台,系统阐述了石油化工生产安全、石油化工常见设备、石油化工行业的典型生产工艺过程、装置的操作训练、事故预案处理等,使读者可以了解整个石油化工生产过程。
606 0  @a石油化工行业@x产业链@x高等学校@j教材
690    @aF407.72@v5
690    @aF407@v4
701  0 @a孙文志@9sun wen zhi@4主编
701  0 @a李会鹏@9li hui peng@4主编
801  0 @aCN@b91MARC@c20211104
905    @aZUCC@dF407@e2
    
    石油化工产业链实训教程/孙文志, 李会鹏主编.-北京:化学工业出版社,2021
    241页:图,照片;26cm
    高等学校“十三五”规划教材
    
    ISBN 978-7-122-39647-1:CNY49.00
    本书详细介绍了石油化工产业链中主要装置的生产过程,即涵盖了油气钻采、油气集输、石油加工、石油化工、精细化工5个实训平台,系统阐述了石油化工生产安全、石油化工常见设备、石油化工行业的典型生产工艺过程、装置的操作训练、事故预案处理等,使读者可以了解整个石油化工生产过程。
●
相关链接 在五车中查询图书 在当当中查询图书 在豆瓣中查询图书


正题名:石油化工产业链实训教程     索取号:F407/2         预约/预借

序号 登录号 条形码 馆藏地/架位号 状态 备注
1 2000909419   2000909419   第三书库/ [索取号:F407/2] 在馆    
2 2000909420   2000909420   第三书库/ [索取号:F407/2] 在馆    
3 2000909421   2000909421   第三书库/ [索取号:F407/2] 在馆    
山东省滨州职业学院图书馆 欢迎您!
大连网信软件有限公司© 版权所有